Der meisten islamischen europäischen Länder - Statistiken

Allgemein
  • Dieses Quiz wurde 773 mal gespielt
  • Das Durchschnittsergebnis liegt bei 8 aus 12
Antwortstatistiken
% Land % Korrekt
56,7 Albanien
92%
5,5 Deutschland
92%
7 - 9 Frankreich
86%
95,6 Kosovo
86%
50,7 Bosnien und Herzegowina
85%
7,8 Bulgarien
68%
19,1 Montenegro
65%
33,3 Nordmazedonien
58%
5 Niederlande
51%
10 - 15 Russland
50%
5 Schweden
50%
5 Belgien
49%
Keine übereinstimmenden Quizze gefunden
Verteilung der Resultate
Anzahl Personen mit jedem Resultat
Perzentil nach korrekt beantworteten Fragen
Ihre Resultats-Entwicklung
Sie haben dieses Quiz noch nicht gespielt